|
|
|
|
| LEADER |
00000nam a22000007a 4500 |
| 008 |
240311b |||||||| |||| 00| 0 eng d |
| 020 |
|
|
|a 9780815369820
|
| 245 |
|
|
|a ARTIFICIAL intelligence safety and security
|c edited by Roman V. Yampolskiy
|g xi, 443p.
|
| 250 |
|
|
|c Yampolskiy, Roman V.
|
| 260 |
|
|
|b CRC Press
|c 2019
|h Florida
|i 700489
|l T59.5.Ar7
|m Automation- Safety measures
|
| 500 |
|
|
|a It includes references and index
|
| 942 |
|
|
|a lcc
|c BK
|e Adeyemo O.O
|f 3/11/2024
|
| 952 |
|
|
|0 0
|1 0
|2 lcc
|4 0
|6 T00595 A R7
|7 0
|9 4954
|a TL
|b HOL
|c QZ
|d 2024-03-11
|l 0
|o T59.5.Ar7
|p 2024-0206
|r 2024-03-11 00:00:00
|t 700498
|w 2024-03-11
|y BK
|
| 952 |
|
|
|0 0
|1 0
|2 lcc
|4 0
|6 T00595 A R7
|7 0
|9 4955
|a HOL
|b HOL
|c QZ
|d 2024-03-11
|l 0
|o T59.5.Ar7
|p 2024-0205
|r 2024-03-11 00:00:00
|t 700499
|w 2024-03-11
|y BK
|
| 999 |
|
|
|c 2459
|d 2459
|